000 00607nam a22001695i 4500
001 164996
003 ES-MaACL
005 20230906213040.0
008 050811s1896 fr | |||||||| ||fre d
040 _aCAM
_bspa
_cCAM
100 1 _aSchwob, Marcel.
_9104916
245 1 0 _aVies imaginaires /
_cMarcel Schwob.
260 _aParis :
_bBibliothèque-Charpentier,
_c1896 (
_eMayenne :
_fImprimerie de l'Ouest E. Soudée)
300 _a276 p. ;
_c18 cm.
752 _aFrancia -
_dParís
852 _aES-MaACL
_jF-3351
_z-- Enc. tela conservando la cub. original
_z-- En la cub. original consta: Deuxième mille
999 _c164996
_d164996